[Event "Sherbrooke Perpetuelles 1-6"]
[Site "Sherbrooke"]
[Date "2004.09.10"]
[Round "1"]
[White "Veronneau, Daniel"]
[Black "Robitaille, Michael"]
[Result "1-0"]
[WhiteElo "1167"]
[BlackElo "976"]
[PlyCount "52"]
[EventDate "2004.??.??"]
[EventType "swiss"]
[EventRounds "6"]
[EventCountry "CAN"]
[SourceTitle "EXT 2006"]
[Source "ChessBase"]
[SourceDate "2005.11.24"]
[SourceVersion "1"]
[SourceVersionDate "2005.11.24"]
[SourceQuality "1"]

1. e4 e5 2. Nf3 Nc6 3. Bc4 Bc5 4. Nc3 Nge7 5. d3 d6 6. Be3 Bd7 7. 0-0 0-0 8. Nd5 a6 9. Nd2 h6 10. f4 exf4 11. Bxc5 dxc5 12. Nxf4 Nd4 13. c3 Ne6 14. Qf3 Nxf4 15. Qxf4 Ng6 16. Bxf7+ Kh7 17. Bxg6+ Kxg6 18. Qg3+ Qg5 19. Qxc7 Rad8 20. Nc4 b5 21. Ne5+ Kh7 22. Nxd7 Rf7 23. Rxf7 Qe3+ 24. Kh1 Qxd3 25. Qxd8 Qc2 26. Raf1 Qxb2 1-0